|
|
|
|
| LEADER |
01368nam a2200277 4500 |
| 001 |
c000040093 |
| 003 |
CARM |
| 005 |
00000000000000.0 |
| 008 |
721211s1970 ne a 00000 eng |
| 015 |
|
|
|a Ne***
|
| 019 |
1 |
|
|a 628439
|5 LACONCORD2021
|
| 035 |
|
|
|a (OCoLC)571140
|5 LACONCORD2021
|
| 043 |
|
|
|a e-ne---
|
| 050 |
0 |
0 |
|a HT169.N4
|b N47 1970
|
| 110 |
1 |
0 |
|a Netherlands (Kingdom, 1815- ).
|b Ministerie van Volkshuisvesting en Ruimtelijke Ordening.
|b Afdeling Voorlichting.
|
| 245 |
1 |
0 |
|a Townplanning and redevelopment in the Netherlands.
|
| 260 |
|
|
|a The Hague
|b [Ministry of Housing and Physical Planning, Information Service]
|c 1970.
|
| 300 |
|
|
|a 21 p.
|b illus.
|c 30 cm.
|
| 500 |
|
|
|a "Text based on Chapter VI, Townplanning and redevelopment, of the Annual Report for 1969 of the Central Directorate of Housing and Building Industry and the Inspectorate of Housing."
|
| 500 |
|
|
|a Issued also in Dutch under title: Stedebouwen sanering in Nederland.
|
| 650 |
|
0 |
|a City planning
|z Netherlands.
|
| 650 |
|
0 |
|a Urban renewal
|z Netherlands.
|
| 710 |
1 |
0 |
|a Netherlands.
|b Centrale Directie van de Volkshuisvesting en de Bouwnijverheid.
|
| 852 |
8 |
|
|b CARM
|h A2:AF23D5
|i D01105
|p 0049814
|f BK
|
| 999 |
f |
f |
|i 540c48c1-4780-5dac-ae05-7d160327bbef
|s 97ae40c8-4c5d-5c5b-a9c1-230a1b0f62d2
|
| 952 |
f |
f |
|p Can circulate
|a CAVAL
|b CAVAL
|c CAVAL
|d CARM 1 Store
|e D01105
|f A2:AF23D5
|h Other scheme
|i book
|m 0049814
|